| 000 | 00955nam a2200277 a 4500 | ||
|---|---|---|---|
| 001 | 000019286 | ||
| 005 | 20240523183947.0 | ||
| 008 | 100531s1978 sp 000 0 spa d | ||
| 020 | _a8485083083 | ||
| 040 |
_aDO-SdBNP _bspa _cBNPHU |
||
| 041 | 1 | 7 |
_aspa _heng _2Código de idioma MARC |
| 082 |
_a720 _bL775f, 1978 |
||
| 100 | 1 |
_aLloyd Wright, Frank, _d1867-1959 _941482 |
|
| 240 | 1 | 4 |
_aThe future of architecture. _lEspañol. |
| 245 | 1 | 3 |
_aEl futuro de la arquitectura / _cFrank Lloyd Wright ; traducción de Eduardo Goligorsky. |
| 250 | _a2a ed. | ||
| 260 |
_aBarcelona : _bPoseidón, _c1978. |
||
| 300 |
_a280 p. : _bil. ; _c22 cm. |
||
| 534 |
_pTítulo original en inglés: _tThe future of architectura. _cNueva York : Horizon, 1953. |
||
| 500 | _aIncluye índice. | ||
| 650 | 0 |
_aArquitectura _91823 |
|
| 650 | 4 |
_aArquitectura orgánica _941483 |
|
| 700 | 1 |
_aGoligorsky, Eduardo, _etr. _910661 |
|
| 910 | _aCatalogación original | ||
| 049 | _aBNGR | ||
| 999 |
_c18804 _d18804 |
||